Unix and shell programming : a textbook (Record no. 179780)
[ view plain ]
| 000 -LEADER | |
|---|---|
| fixed length control field | 00427nam a2200157Ia 4500 |
| 005 - DATE AND TIME OF LATEST TRANSACTION | |
| control field | 20250415094052.0 |
| 008 - FIXED-LENGTH DATA ELEMENTS--GENERAL INFORMATION | |
| fixed length control field | 231217s9999 xx 000 0 und d |
| 020 ## - INTERNATIONAL STANDARD BOOK NUMBER | |
| International Standard Book Number | 9788131503256 |
| 082 ## - DEWEY DECIMAL CLASSIFICATION NUMBER | |
| Classification number | 001.6424UNI FOR;1 |
| 100 ## - MAIN ENTRY--PERSONAL NAME | |
| Personal name | Forouzan, Bechrouz AGilberg, Richard |
| 245 #0 - TITLE STATEMENT | |
| Title | Unix and shell programming : a textbook |
| 260 ## - PUBLICATION, DISTRIBUTION, ETC. (IMPRINT) | |
| Date of publication, distribution, etc. | 2003 |
| Place of publication, distribution, etc. | Thomson |
| 300 ## - PHYSICAL DESCRIPTION | |
| Extent | xix+875 |
| 650 ## - SUBJECT ADDED ENTRY--TOPICAL TERM | |
| Topical term or geographic name as entry element | Unix,shell,programming,: |
| 942 ## - ADDED ENTRY ELEMENTS (KOHA) | |
| Koha item type | Books |
| Date last seen | Total Checkouts | Full call number | Accession number | Old discount | Uniform Resource Identifier | Cost, replacement price | Price effective from | Category | Lost status | Damaged status | Department | Withdrawn status | bill no. | bill date | Permanent Location | Current Location | Shelving location | Entry date | Vendor | Cost, normal purchase price | Grants | Currency symbol | Conversion rate | Discount | Discount type |
|---|---|---|---|---|---|---|---|---|---|---|---|---|---|---|---|---|---|---|---|---|---|---|---|---|---|
| 26/01/2024 | 001.6424UNI FOR;1 | 47198 | 30 | digital/content/49368.pdf | 279.30 | 26/01/2024 | Books | Central Library | 898 | 13/01/2009 | Central Library | Central Library | Central Library | 22/11/2007 | Tata Book House | 399.00 | CS/PG | RS | 1 | 119.7 | Rupees | ||||
| 26/01/2024 | 001.6424UNI FOR;2 | 47199 | 30 | digital/content/49368.pdf | 279.30 | 26/01/2024 | Books | CS | 898 | 13/01/2009 | Central Library | Central Library | CS | 22/11/2007 | Tata Book House | 399.00 | CS/PG | RS | 1 | 119.7 | Rupees | ||||
| 26/01/2024 | 001.6424UNI FOR;3 | 47200 | 30 | digital/content/49368.pdf | 279.30 | 26/01/2024 | Books | CS | 898 | 13/01/2009 | Central Library | Central Library | CS | 22/11/2007 | Tata Book House | 399.00 | CS/PG | RS | 1 | 119.7 | Rupees | ||||
| 26/01/2024 | 001.6424UNI FOR;4 | 47201 | 30 | digital/content/49368.pdf | 279.30 | 26/01/2024 | Books | CS | 898 | 13/01/2009 | Central Library | Central Library | CS | 22/11/2007 | Tata Book House | 399.00 | CS/PG | RS | 1 | 119.7 | Rupees | ||||
| 26/01/2024 | 001.6424UNI FOR;5 | 47202 | 30 | digital/content/49368.pdf | 279.30 | 26/01/2024 | Books | CS | 898 | 13/01/2009 | Central Library | Central Library | CS | 22/11/2007 | Tata Book House | 399.00 | CS/PG | RS | 1 | 119.7 | Rupees |
